00818cam a22002295a 4500001000800000005001700008008004100025020001400066040003300080082002200113100002200135245007100157250003000228260006500258300003400323504005100357650003300408653002000441942000800461999001700469952010200486368144120201128024305.0780301t1979 nz a frb 001 0 eng d a07066191X aDLCcDLCdDLCdEG-ScBUEbeng04a624.1513222bBOW1 aBowles, Joseph E.10aPhysical and geotechnical properties of soils /cJoseph E. Bowles. aInternational student ed. aAuckland :bMcGraw-Hill International Book Company,cc.1979. axii, 478 p. :bill. ;c24 cm. aIncludes bibliographical references and index. 7aSoil mechanics.2BUEsh92673 bGGENcMarch2018 2ddc c26334d26306 00102ddc4070aMAINbMAINc1STd2018-03-18l0o624.1513 BOWp000047435r2025-07-15 00:00:00yBB